01067nac a22002531i 4500003000900000005001700009008004100026020001400067040004300081082002400124100006500148245016000213264004300373300003100416336002600447337002800473338002700501504005200528651003800580655001700618942001200635999001500647952015100662EG-ScBUE20230725122112.0230725s1968 nyub f b 001 0 eng d a061315486 aEG-ScBUEbengerdacEG-ScBUEdEG-ScBUE04a920.009176bHIT2221 aHitti, Philip K.‏q(Philip Khuri),‏d1886-1978,eauthor.10aMakers of Arab history /cby Philip K. Hitti, professor emeritus of semitic literature on The William and Annie S. Paton Foundation, Princeton University.  1aNew York :bSt. Martin's Press,c1968. a268 pages :bmaps ;c22 cm 2rdacontentatextbtxt 2rdamediaaunmediatedbn 2rdacarrieravolumebnc aIncludes bibliographical references and index.  7aIslamic EmpirexBiography.2BUEsh vReading book cBB2ddc c3019d3019 00102ddc40708AlahramaMAINbMAINc2NDd2015-03-07ePurchasel6m19o920.009176 HITp000001065r2025-07-15 00:00:00s2011-05-25w2007-03-15yBB